Najbardziej lubiane #Hot16Challenge2 - Statystyki

Ogólne statystyki
  • Ten quiz został rozwiązany 198 razy
  • Średni wynik to 11 z 30
Statystyki odpowiedzi
Łapki w górę Wykonawca % Poprawnych
491 TYS. FRIZ
75%
433 TYS. Szpaku
75%
400 TYS. WERSOW
72%
337 TYS. MURCIX
65%
272 TYS. MATA
63%
206 TYS. TROMBA
62%
424 TYS. MARCYSIA
55%
303 TYS. Andrzej Duda
54%
382 TYS. TACONAFIDE
52%
255 TYS. Bedoes
49%
187 TYS. MINI MAJK
49%
236 TYS. YOUNG IGI
49%
239 TYS. Taco Hemingway
46%
163 TYS. BIAŁAS
44%
212 TYS. POCZCIWY KRZYCHU
38%
305 TYS. Tata Maty
38%
185 TYS. MARCIN DUBIEL
25%
198 TYS. Klocuch
24%
188 TYS. BLOWEK
23%
293 TYS. Dawid Podsiadło
21%
164 TYS. KALI
19%
175 TYS. Roksana Węgiel
17%
241 TYS. CLEO
16%
164 TYS. PatecWariatec
16%
368 TYS. JKM
14%
194 TYS. WIP BROS
14%
176 TYS. DŻODŻO
10%
161 TYS. Paris Platynov
6%
172 TYS. Kanalersi
4%
175 TYS. Szymon Zaparty
0%
Nie znaleziono quizów pasujących do podanych kryteriów
Rozkład punktacji
Procent ludzi z każdym wynikiem
Percentyl według liczby udzielonych odpowiedzi
Twoja historia wyników
Nie rozwiązałeś tego quizu